00443nam a2200157Ia 4500008004100000020000700041082001500048100002700063245006100090250000700151260005600158300002400214500000700238600002000245650002000265240925s9999 xx 000 0 und d aNA a371.89 MIN aMinistry of Education 0aReport of the Commission on Student Problems and Welfare aNA aKarachi:bInformation & Archives Departmentc,1966. a548p.bNAfOriginal aNA aSocial Sciences aSocial Sciences